Vplyv veľkosti poľnohospodárskych podnikov na vývoj vybraných ekonomických ukazovateľov.
Hodnotenie veľkostných charakteristík poľnohospodárskych podnikov, ako sa vyvíjali v r. 1981-1988. Vývojové tendencie v koncentrácii pôdneho fondu. Vzťah výmeny poľnohospodárskych podnikov k vybraným ekonomickým ukazovateľom. Výraznejšia orientácia menších podnikov na zisk, podmienená ich väčšou pru...
Enregistré dans:
| Auteur principal: | |
|---|---|
| Autres auteurs: | |
| Format: | Chapitre de livre |
| Langue: | slovaque |
| Sujets: | |
| Tags: |
Pas de tags, Soyez le premier à ajouter un tag!
|
MARC
| LEADER | 00000naa a2200000 4500 | ||
|---|---|---|---|
| 001 | r003689 | ||
| 005 | 20221125081649.0 | ||
| 041 | 0 | |a slo | |
| 044 | |a [CS] | ||
| 245 | 1 | 0 | |a Vplyv veľkosti poľnohospodárskych podnikov na vývoj vybraných ekonomických ukazovateľov. |c Mária Kadlečíková, Ľ. Ďurišová |
| 520 | |a Hodnotenie veľkostných charakteristík poľnohospodárskych podnikov, ako sa vyvíjali v r. 1981-1988. Vývojové tendencie v koncentrácii pôdneho fondu. Vzťah výmeny poľnohospodárskych podnikov k vybraným ekonomickým ukazovateľom. Výraznejšia orientácia menších podnikov na zisk, podmienená ich väčšou pružnosťou. | ||
| 610 | 2 | 0 | |a podnik poľnohospodársky |
| 610 | 2 | 0 | |a 1981-1988 |
| 610 | 2 | 0 | |a fond pôdny |
| 610 | 2 | 0 | |a podnik malý |
| 610 | 2 | 0 | |a zisk podnikový |
| 610 | 2 | 0 | |a produktivita práce |
| 610 | 2 | 0 | |a účinnosť prostriedkov základných |
| 610 | 2 | 0 | |a ČSFR |
| 610 | 2 | 0 | |a ukazovatele ekonomické |
| 100 | 1 | |a Kadlečíková, Mária | |
| 700 | 1 | |a Ďurišová, Ľ. | |